[Event "Austin Spring IM"]
[Site "Austin"]
[Date "2025.06.13"]
[Round "4"]
[White "Nguyen, James Le"]
[Black "Komarov, Dimitri"]
[Result "0-1"]
[WhiteElo "2259"]
[BlackElo "2407"]
[PlyCount "80"]
[EventDate "2025.06.11"]
[EventType "tourn"]
[EventRounds "9"]
[EventCountry "USA"]
[SourceTitle "CB25_2025"]
[SourceDate "2025.06.18"]
[SourceVersion "1"]
[SourceVersionDate "2025.06.18"]
[SourceQuality "1"]

1. e4 e6 2. d4 d5 3. Nd2 Nf6 4. e5 Nfd7 5. c3 c5 6. f4 Nc6 7. Ndf3 Qb6 8. a3 a5 9. b3 Be7 10. h4 f5 11. exf6 Bxf6 12. Be3 cxd4 13. cxd4 e5 14. fxe5 Ndxe5 15. Nxe5 Bxe5 16. Nf3 Bg3+ 17. Kd2 Bf5 18. Bd3 Bxd3 19. Kxd3 0-0 20. Rc1 Rae8 21. Rc3 Bd6 22. Qc1 Qa6+ 23. Kd2 Re4 24. Re1 Bg3 25. Rh1 Bf2 26. Qd1 Bxe3+ 27. Rxe3 Nxd4 28. Rd3 Qh6+ 29. Kc3 Nb5+ 30. Kb2 Rfe8 31. Re1 Qf6+ 32. Kb1 Rxe1 33. Nxe1 Nc3+ 34. Rxc3 Qxc3 35. Qxd5+ Kh8 36. Nf3 Rc8 37. Qd1 h6 38. h5 Qe3 39. a4 Re8 40. Ka1 Qf2 0-1

[Event "Calgary op 15th"]
[Site "Calgary"]
[Date "2024.12.29"]
[Round "7"]
[White "Preotu, Razvan"]
[Black "Komarov, Dimitri"]
[Result "1-0"]
[WhiteElo "2475"]
[BlackElo "2442"]
[PlyCount "65"]
[EventDate "2024.12.26"]
[EventType "swiss"]
[EventRounds "9"]
[EventCountry "CAN"]
[SourceTitle "CB02_2025"]
[SourceDate "2025.01.08"]
[SourceVersion "1"]
[SourceVersionDate "2025.01.08"]
[SourceQuality "1"]

1. Nf3 c5 2. c4 Nc6 3. Nc3 e5 4. g3 g6 5. Bg2 Bg7 6. 0-0 Nge7 7. d3 0-0 8. a3 d6 9. Rb1 Rb8 10. b4 b6 11. e3 Qd7 12. Nd5 cxb4 13. axb4 b5 14. Nd2 bxc4 15. b5 Na5 16. Qa4 Nxd5 17. Bxd5 Nb3 18. Qxc4 Nxc1 19. Rfxc1 Rb6 20. Ra1 Kh8 21. Ra5 f5 22. Rca1 f4 23. Rxa7 Qd8 24. Qc7 Qxc7 25. Rxc7 fxe3 26. fxe3 Bh6 27. Raa7 Bxe3+ 28. Kh1 Bb7 29. Bxb7 Rxb5 30. Bc6 Bxa7 31. Bxb5 Be3 32. Nc4 Bc5 33. Nxe5 1-0

[Event "Calgary op 15th"]
[Site "Calgary"]
[Date "2024.12.27"]
[Round "3"]
[White "Chandra, Anand Rishi"]
[Black "Komarov, Dimitri"]
[Result "1-0"]
[WhiteElo "2162"]
[BlackElo "2442"]
[PlyCount "79"]
[EventDate "2024.12.26"]
[EventType "swiss"]
[EventRounds "9"]
[EventCountry "CAN"]
[SourceTitle "CB02_2025"]
[SourceDate "2025.01.08"]
[SourceVersion "1"]
[SourceVersionDate "2025.01.08"]
[SourceQuality "1"]

1. e4 c5 2. Nf3 e6 3. d4 cxd4 4. Nxd4 Nc6 5. Nc3 Nf6 6. Nxc6 bxc6 7. e5 Nd5 8. Ne4 Qc7 9. f4 Rb8 10. a3 Qb6 11. Qf3 Ba6 12. c4 Nc7 13. Nd6+ Bxd6 14. exd6 Na8 15. Qc3 f6 16. c5 Qb7 17. Bxa6 Qxa6 18. b4 0-0 19. Kf2 Qa4 20. Re1 Rb5 21. Bd2 Nb6 22. cxb6 axb6 23. Re3 Rd5 24. Rd3 Qb5 25. Rxd5 Qxd5 26. Be3 b5 27. Qd4 Qb3 28. Kg1 Ra8 29. Qb6 h5 30. Kh1 Qb2 31. Bd4 Qd2 32. Qb7 Rf8 33. Bc5 Rf7 34. Rf1 Qd3 35. Kg1 Qxa3 36. Qc8+ Kh7 37. Qe8 Kg6 38. f5+ exf5 39. Re1 h4 40. h3 1-0

[Event "Calgary op 15th"]
[Site "Calgary"]
[Date "2024.12.27"]
[Round "2"]
[White "Komarov, Dimitri"]
[Black "Bahmani, Amir Mohammad"]
[Result "1/2-1/2"]
[WhiteElo "2442"]
[BlackElo "2191"]
[PlyCount "71"]
[EventDate "2024.12.26"]
[EventType "swiss"]
[EventRounds "9"]
[EventCountry "CAN"]
[SourceTitle "CB02_2025"]
[SourceDate "2025.01.08"]
[SourceVersion "1"]
[SourceVersionDate "2025.01.08"]
[SourceQuality "1"]

1. d4 Nf6 2. c4 e6 3. Nf3 b6 4. g3 Bb7 5. Bg2 Be7 6. Nc3 0-0 7. d5 Bb4 8. Bd2 Re8 9. Ng5 exd5 10. cxd5 h6 11. Nh3 c6 12. Nf4 Na6 13. 0-0 Nc7 14. dxc6 Bxc6 15. Qb3 Bc5 16. Rad1 Qe7 17. Nd3 Ne6 18. Nxc5 bxc5 19. Bxc6 dxc6 20. Qa4 Rab8 21. b3 Nd4 22. Be3 Rb4 23. Qa5 Ng4 24. Bd2 Qe5 25. h3 Nf6 26. Be3 Qh5 27. Bxd4 Rxd4 28. Kg2 Nd5 29. Rxd4 cxd4 30. Nxd5 cxd5 31. Qxa7 Rxe2 32. Qxd4 Rxa2 33. g4 Qg5 34. Rd1 Ra5 35. b4 Rb5 36. Re1 1/2-1/2

[Event "Seattle PNWCC Thanksgiving"]
[Site "Seattle"]
[Date "2024.11.30"]
[Round "6"]
[White "Yu, Jiangwei"]
[Black "Komarov, Dimitri"]
[Result "1/2-1/2"]
[WhiteElo "2270"]
[BlackElo "2442"]
[PlyCount "48"]
[EventDate "2024.11.27"]
[EventType "swiss"]
[EventRounds "9"]
[EventCountry "USA"]
[EventCategory "2"]
[SourceTitle "CB50_2024"]
[SourceDate "2024.11.01"]
[SourceVersion "1"]
[SourceVersionDate "2024.11.01"]
[SourceQuality "2"]

1. d4 e6 2. c4 Nf6 3. Nc3 Bb4 4. e3 0-0 5. Bd2 d5 6. Nf3 b6 7. cxd5 exd5 8. Rc1 c5 9. a3 Bxc3 10. Bxc3 c4 11. Ne5 b5 12. a4 a6 13. Ra1 Bb7 14. axb5 axb5 15. Rxa8 Bxa8 16. Qa1 Nbd7 17. f3 Qb6 18. Nxd7 Nxd7 19. Qa3 Qe6 20. Kf2 Bc6 21. Be2 Ra8 22. Ba5 Nf6 23. Re1 h5 24. Qb4 Qf5 1/2-1/2

[Event "Seattle PNWCC Thanksgiving"]
[Site "Seattle"]
[Date "2024.11.29"]
[Round "5"]
[White "Georgiev, Vladimir"]
[Black "Komarov, Dimitri"]
[Result "1/2-1/2"]
[WhiteElo "2388"]
[BlackElo "2442"]
[PlyCount "44"]
[EventDate "2024.11.27"]
[EventType "swiss"]
[EventRounds "9"]
[EventCountry "USA"]
[EventCategory "2"]
[SourceTitle "CB50_2024"]
[SourceDate "2024.11.01"]
[SourceVersion "1"]
[SourceVersionDate "2024.11.01"]
[SourceQuality "2"]

1. d4 d5 2. Nf3 Nf6 3. Bf4 Bf5 4. e3 e6 5. Bd3 Bxd3 6. Qxd3 c6 7. 0-0 Bd6 8. Bxd6 Qxd6 9. c4 Nbd7 10. Nc3 0-0 11. Rad1 h6 12. Rfe1 Rfe8 13. h3 Rad8 14. e4 dxe4 15. Nxe4 Nxe4 16. Qxe4 Qc7 17. Ne5 Nxe5 18. dxe5 Rxd1 19. Rxd1 Rd8 20. Rd4 Rxd4 21. Qxd4 c5 22. Qe3 b6 1/2-1/2

[Event "Charlotte Spring IMC 2024"]
[Site "Charlotte"]
[Date "2024.03.30"]
[Round "6"]
[White "Nguyen, James Le"]
[Black "Komarov, Dimitri"]
[Result "0-1"]
[WhiteElo "2114"]
[BlackElo "2448"]
[PlyCount "62"]
[EventDate "2024.03.27"]
[EventType "tourn"]
[EventRounds "9"]
[EventCountry "USA"]
[SourceTitle "CBM 219 Extra"]
[Source "ChessBase"]
[SourceDate "2024.05.31"]
[SourceVersion "1"]
[SourceVersionDate "2024.05.31"]
[SourceQuality "1"]

1. e4 e6 2. d4 d5 3. Nd2 c5 4. exd5 Qxd5 5. Ngf3 cxd4 6. Bc4 Qd7 7. 0-0 Nc6 8. Nb3 a6 9. a4 Nf6 10. Qe2 Bd6 11. Rd1 Qe7 12. Nbxd4 Nxd4 13. Rxd4 e5 14. Rxd6 Qxd6 15. b3 e4 16. Ba3 Qf4 17. Qe1 Be6 18. Qa5 Rd8 19. Ne5 Nd7 20. Nxd7 Rxd7 21. Re1 Bxc4 22. bxc4 f6 23. Qc5 Kf7 24. Bb4 Qe5 25. Qxe5 fxe5 26. Rxe4 Rd1+ 27. Be1 Rd4 28. Re3 Rc8 29. Bc3 Rd1+ 30. Be1 Rxc4 31. Rxe5 Rxa4 0-1

[Event "Charlotte Spring IMC 2024"]
[Site "Charlotte"]
[Date "2024.03.27"]
[Round "1"]
[White "Komarov, Dimitri"]
[Black "Posthuma, Joshua G"]
[Result "1/2-1/2"]
[WhiteElo "2448"]
[BlackElo "2449"]
[PlyCount "62"]
[EventDate "2024.03.27"]
[EventType "tourn"]
[EventRounds "9"]
[EventCountry "USA"]
[SourceTitle "CBM 219 Extra"]
[Source "ChessBase"]
[SourceDate "2024.05.31"]
[SourceVersion "1"]
[SourceVersionDate "2024.05.31"]
[SourceQuality "1"]

1. d4 Nf6 2. Nf3 g6 3. c4 Bg7 4. Nc3 d6 5. e4 Bg4 6. Be2 Bxf3 7. Bxf3 e5 8. d5 h5 9. 0-0 Nbd7 10. Rb1 Bh6 11. Bxh6 Rxh6 12. Qd2 Rh8 13. b4 Kf8 14. Rfc1 Kg7 15. Na4 a5 16. bxa5 b6 17. Rb5 Ra6 18. Nc3 bxa5 19. Na4 Nb6 20. Nb2 Nfd7 21. Nd3 Na4 22. Rxa5 Qa8 23. Rxa6 Qxa6 24. Nb4 Qa5 25. a3 Nac5 26. Rc3 Nf6 27. Qe3 Ra8 28. h3 h4 29. Kh2 Qb6 30. Qe2 Ra4 31. Re3 Ra8 1/2-1/2

[Event "Calgary 14th"]
[Site "Calgary"]
[Date "2023.12.27"]
[Round "3"]
[White "Komarov, Dimitri"]
[Black "Doknjas, Neil"]
[Result "1-0"]
[WhiteElo "2455"]
[BlackElo "2254"]
[PlyCount "65"]
[EventDate "2023.12.26"]
[EventType "swiss"]
[EventRounds "9"]
[EventCountry "CAN"]
[SourceTitle "CBM 218 Extra"]
[Source "ChessBase"]
[SourceDate "2024.03.31"]
[SourceVersion "1"]
[SourceVersionDate "2024.03.31"]
[SourceQuality "1"]

1. d4 Nf6 2. c4 e6 3. Nc3 Bb4 4. Nf3 b6 5. Bg5 h6 6. Bh4 g5 7. Bg3 Ne4 8. Qc2 Bb7 9. Nd2 Bxc3 10. bxc3 Nxg3 11. hxg3 h5 12. e4 g4 13. Be2 Qg5 14. Rh4 Rh6 15. 0-0-0 Qf6 16. f4 gxf3 17. gxf3 Qg5 18. Rh3 d6 19. f4 Qg7 20. e5 dxe5 21. dxe5 Bg2 22. Rh2 Bc6 23. Bf3 Kf8 24. Bxc6 Nxc6 25. Qe4 Qxg3 26. Nf3 Qg4 27. Rh4 Qg3 28. Qxc6 Re8 29. Qe4 Qf2 30. Rh2 Qc5 31. Qd4 Qa3+ 32. Kb1 Rb8 33. Ng5 1-0

[Event "Redmond PNWCC Artist 2"]
[Site "Redmond"]
[Date "2023.09.01"]
[Round "4.2"]
[White "Komarov, Dimitri"]
[Black "Vijayakumar, Advaith"]
[Result "1/2-1/2"]
[WhiteElo "2475"]
[BlackElo "2024"]
[PlyCount "33"]
[EventDate "2023.08.29"]
[EventType "schev"]
[EventRounds "10"]
[EventCountry "USA"]
[SourceTitle "CBM 216 Extra"]
[Source "ChessBase"]
[SourceDate "2023.11.30"]
[SourceVersion "1"]
[SourceVersionDate "2023.11.30"]
[SourceQuality "1"]
[WhiteTeam "Masters"]
[BlackTeam "Challengers"]
[WhiteTeamCountry "USA"]
[BlackTeamCountry "USA"]

1. d4 Nf6 2. Nf3 e6 3. g3 d5 4. Bg2 Be7 5. c4 0-0 6. 0-0 Nbd7 7. Qc2 c6 8. Rd1 b6 9. b3 Bb7 10. Nc3 c5 11. cxd5 exd5 12. Bb2 Rc8 13. dxc5 Bxc5 14. Qd3 Re8 15. e3 Qe7 16. Ne2 Bd6 17. Rac1 1/2-1/2

[Event "Redmond PNWCC Artist 2"]
[Site "Redmond"]
[Date "2023.08.30"]
[Round "2.2"]
[White "Vemparala, Nikash"]
[Black "Komarov, Dimitri"]
[Result "0-1"]
[WhiteElo "2187"]
[BlackElo "2475"]
[PlyCount "156"]
[EventDate "2023.08.29"]
[EventType "schev"]
[EventRounds "10"]
[EventCountry "USA"]
[SourceTitle "CBM 216 Extra"]
[Source "ChessBase"]
[SourceDate "2023.11.30"]
[SourceVersion "1"]
[SourceVersionDate "2023.11.30"]
[SourceQuality "1"]
[WhiteTeam "Challengers"]
[BlackTeam "Masters"]
[WhiteTeamCountry "USA"]
[BlackTeamCountry "USA"]

1. e4 c5 2. Nf3 e6 3. b3 a6 4. Bb2 Nc6 5. c4 Qc7 6. g3 Nf6 7. e5 Ng4 8. Qe2 Be7 9. h3 Nh6 10. Bg2 0-0 11. 0-0 f6 12. exf6 Bxf6 13. Bxf6 Rxf6 14. Nc3 Nf5 15. Qe4 b6 16. g4 Nd6 17. Qe3 Bb7 18. d3 Nb4 19. Qe2 Nc2 20. Qxc2 Bxf3 21. Ne4 Nxe4 22. dxe4 Raf8 23. Rae1 h5 24. e5 Rf4 25. Bxf3 Rxf3 26. Kg2 R8f4 27. Re4 hxg4 28. hxg4 Qc6 29. Rfe1 Rxf2+ 30. Qxf2 Rxe4 31. Kg3 Rxe1 32. Qxe1 d6 33. exd6 Qxd6+ 34. Kf3 Qd3+ 35. Kg2 Kf7 36. Qe5 Qd4 37. Qc7+ Kf6 38. Kf3 b5 39. Qb8 Qd3+ 40. Kf2 Qd2+ 41. Kf3 Qd1+ 42. Kg3 Qd3+ 43. Kf2 bxc4 44. Qf8+ Kg6 45. Qe8+ Kg5 46. Qe7+ Kxg4 47. Qxg7+ Kf4 48. Qh6+ Ke5 49. Qg7+ Ke4 50. Qg6+ Kd5 51. bxc4+ Qxc4 52. Qg5+ Kc6 53. Qe7 Qxa2+ 54. Ke3 Qb3+ 55. Ke2 Qc4+ 56. Ke1 Kb5 57. Qb7+ Ka4 58. Qc6+ Kb3 59. Qc7 Qc3+ 60. Kf1 Qd3+ 61. Ke1 Qe3+ 62. Kf1 Qd3+ 63. Ke1 Qe3+ 64. Kd1 Qd4+ 65. Kc1 Qa1+ 66. Kd2 Qc3+ 67. Kd1 Kb2 68. Qh2+ Ka1 69. Qc7 a5 70. Qc6 e5 71. Qa4+ Kb2 72. Qc6 Qd4+ 73. Ke2 a4 74. Qb7+ Ka2 75. Qa6 a3 76. Ke1 c4 77. Qa4 Qe3+ 78. Kf1 Qb3 0-1

[Event "Canadian op"]
[Site "Calgary"]
[Date "2023.07.29"]
[Round "9"]
[White "Komarov, Dimitri"]
[Black "Ng, Gary"]
[Result "1/2-1/2"]
[WhiteElo "2493"]
[BlackElo "2213"]
[PlyCount "31"]
[EventDate "2023.07.22"]
[EventType "swiss"]
[EventRounds "10"]
[EventCountry "CAN"]
[SourceTitle "CBM 215 Extra"]
[Source "ChessBase"]
[SourceDate "2023.09.30"]
[SourceVersion "1"]
[SourceVersionDate "2023.09.30"]
[SourceQuality "1"]

1. d4 Nf6 2. c4 e6 3. Nf3 b6 4. g3 Ba6 5. Qc2 Bb4+ 6. Bd2 Be7 7. e4 d5 8. cxd5 Bxf1 9. Kxf1 exd5 10. e5 Ne4 11. Nc3 Nxc3 12. bxc3 Qd7 13. Kg2 Nc6 14. h4 h6 15. Rhe1 Qe6 16. Be3 1/2-1/2

[Event "Canadian op"]
[Site "Calgary"]
[Date "2023.07.27"]
[Round "7"]
[White "Komarov, Dimitri"]
[Black "Khodjimatov, Sherzod"]
[Result "1-0"]
[WhiteElo "2493"]
[BlackElo "2109"]
[PlyCount "42"]
[EventDate "2023.07.22"]
[EventType "swiss"]
[EventRounds "10"]
[EventCountry "CAN"]
[SourceTitle "CBM 215 Extra"]
[Source "ChessBase"]
[SourceDate "2023.09.30"]
[SourceVersion "1"]
[SourceVersionDate "2023.09.30"]
[SourceQuality "1"]

1. d4 d5 2. Nf3 Nf6 3. c4 dxc4 4. Nc3 a6 5. e4 b5 6. e5 Nd5 7. a4 e6 8. axb5 Bb4 9. Qc2 Nb6 10. Be2 Bb7 11. 0-0 Qd7 12. bxa6 Nxa6 13. Na4 Nxa4 14. Qxa4 Bd5 15. Be3 c5 16. dxc5 Qxa4 17. Rxa4 Bc6 18. Raa1 Nxc5 19. Nd4 Be4 20. Rxa8+ Bxa8 21. Nc2 Na6 1-0

[Event "Canadian op"]
[Site "Calgary"]
[Date "2023.07.26"]
[Round "6"]
[White "Shirov, Alexei"]
[Black "Komarov, Dimitri"]
[Result "1/2-1/2"]
[WhiteElo "2668"]
[BlackElo "2493"]
[PlyCount "175"]
[EventDate "2023.07.22"]
[EventType "swiss"]
[EventRounds "10"]
[EventCountry "CAN"]
[SourceTitle "CBM 215 Extra"]
[Source "ChessBase"]
[SourceDate "2023.09.30"]
[SourceVersion "1"]
[SourceVersionDate "2023.09.30"]
[SourceQuality "1"]

1. e4 e6 2. d4 d5 3. e5 c5 4. c3 Nc6 5. Nf3 Bd7 6. Be2 Nge7 7. 0-0 Nf5 8. dxc5 Bxc5 9. Bd3 0-0 10. b4 Bb6 11. a4 a6 12. Ba3 Nce7 13. Nbd2 Qe8 14. Bb2 Rc8 15. c4 Ba7 16. b5 dxc4 17. Nxc4 axb5 18. axb5 Bc5 19. Nd6 Nxd6 20. exd6 Ng6 21. Rb1 f6 22. Qd2 e5 23. Rfe1 Nf4 24. Be4 b6 25. Bd4 Kh8 26. Bxc5 Rxc5 27. Nd4 exd4 28. Qxf4 Re5 29. g4 f5 30. gxf5 Bxf5 31. d7 Bxd7 32. Qh4 Bf5 33. f3 Qg6+ 34. Kh1 Rfe8 35. Bc6 Rxe1+ 36. Rxe1 Rxe1+ 37. Qxe1 h5 38. Qh4 d3 39. Qd4 Kh7 40. Be4 Bxe4 41. fxe4 d2 42. Qxd2 Qxe4+ 43. Kg1 Qb1+ 44. Kf2 Qxb5 45. Qc2+ g6 46. Qc7+ Kh6 47. Qf4+ Kg7 48. Qc7+ Kf6 49. Qd8+ Kf7 50. Qc7+ Ke6 51. Qc8+ Qd7 52. Qc4+ Qd5 53. Qc8+ Kf6 54. Qf8+ Qf7 55. Qd8+ Kg7+ 56. Kg2 Qb7+ 57. Kf2 b5 58. Qd4+ Kf7 59. Qf4+ Kg7 60. Qd4+ Kh7 61. Qb4 Qc6 62. Qe7+ Kg8 63. Kg3 Qc4 64. Qe8+ Kg7 65. Qe7+ Kh6 66. Qf8+ Kg5 67. Qe7+ Kf5 68. Qf8+ Ke4 69. Qf3+ Ke5 70. Qe3+ Kd5 71. Qg5+ Kd4 72. Qf6+ Kc5 73. Qg5+ Qd5 74. Qc1+ Kb6 75. Qe3+ Qc5 76. Qe6+ Qc6 77. Qe3+ Kb7 78. Qb3 Qd6+ 79. Kg2 b4 80. Kf1 Qf4+ 81. Ke1 Qe4+ 82. Kf2 Kb6 83. Qg8 Kc5 84. Qc8+ Kd4 85. Qc1 b3 86. Qa1+ Kd5 87. Qa8+ Ke5 88. Qb8+ 1/2-1/2

[Event "Canadian op"]
[Site "Calgary"]
[Date "2023.07.25"]
[Round "5"]
[White "Komarov, Dimitri"]
[Black "Han, Johnathan"]
[Result "1-0"]
[WhiteElo "2493"]
[BlackElo "2229"]
[PlyCount "144"]
[EventDate "2023.07.22"]
[EventType "swiss"]
[EventRounds "10"]
[EventCountry "CAN"]
[SourceTitle "CBM 215 Extra"]
[Source "ChessBase"]
[SourceDate "2023.09.30"]
[SourceVersion "1"]
[SourceVersionDate "2023.09.30"]
[SourceQuality "1"]

1. e4 c5 2. Nf3 d6 3. Bb5+ Nd7 4. d4 cxd4 5. Qxd4 a6 6. Bxd7+ Bxd7 7. 0-0 e5 8. Qd3 Rc8 9. c4 b5 10. Na3 Qb6 11. cxb5 axb5 12. Bd2 Nf6 13. Bb4 Be7 14. Rac1 Rd8 15. Rfd1 Nh5 16. Qd2 Qa6 17. Nxe5 dxe5 18. Bxe7 Kxe7 19. Qg5+ Nf6 20. Qxe5+ Qe6 21. Qc5+ Ke8 22. Nxb5 Bxb5 23. Qxb5+ Nd7 24. Rc6 Qe5 25. Rd5 Qxe4 26. Rc1 f6 27. Rcd1 Qe6 28. Rd6 Qe5 29. Qc6 Qf5 30. R6d5 Qe4 31. Rxd7 Qxc6 32. Rxd8+ Kf7 33. Rxh8 Qc2 34. Rhd8 Qxb2 35. a4 Qa3 36. R8d4 g5 37. h4 h5 38. g3 Kg6 39. Kg2 Qa2 40. R1d2 Qa3 41. Rc4 Qb3 42. Rcd4 Qa3 43. R2d3 Qa1 44. Rd2 Qa3 45. Kh2 Qa1 46. hxg5 fxg5 47. Rd6+ Kf5 48. R6d5+ Kf6 49. a5 h4 50. g4 Qa4 51. R2d4 Qa2 52. Rf5+ Ke6 53. Re4+ Kd6 54. Ree5 Qa4 55. Rxg5 Qf4+ 56. Kg2 h3+ 57. Kxh3 Qf3+ 58. Kh4 Qxf2+ 59. Kh5 Qf7+ 60. Kh6 Qf8+ 61. Kh7 Qf7+ 62. Rg7 Qb3 63. Rh5 Qc2+ 64. Rg6+ Ke7 65. a6 Kf7 66. Rf5+ Ke7 67. Rg7+ Ke6 68. a7 Qh2+ 69. Kg8 Qg2 70. Rf8 Qd5 71. a8Q Ke5+ 72. Qxd5+ Kxd5 1-0

[Event "Copenhagen CC GM"]
[Site "Ballerup"]
[Date "2022.05.29"]
[Round "8"]
[White "Komarov, Dimitri"]
[Black "Heimisson, Hilmir Freyr"]
[Result "1/2-1/2"]
[WhiteElo "2493"]
[BlackElo "2323"]
[PlyCount "60"]
[EventDate "2022.05.25"]
[EventType "tourn"]
[EventRounds "9"]
[EventCountry "DEN"]
[EventCategory "7"]
[SourceTitle "CBM 208 Extra"]
[Source "ChessBase"]
[SourceDate "2022.07.31"]
[SourceVersion "1"]
[SourceVersionDate "2022.07.31"]
[SourceQuality "1"]

1. d4 Nf6 2. c4 e6 3. Nf3 d5 4. g3 Be7 5. Bg2 0-0 6. 0-0 dxc4 7. Qc2 a6 8. a4 Bd7 9. Qxc4 Bc6 10. Bf4 Bd6 11. Qc1 a5 12. Nc3 Na6 13. Bg5 Be7 14. Bxf6 Bxf6 15. e4 Nb4 16. Rd1 Qb8 17. Qf4 Rd8 18. Rd2 Be8 19. e5 Be7 20. Ng5 h6 21. Nh3 Ra6 22. Qe3 Bc6 23. Nf4 Bg5 24. h4 Bxf4 25. Qxf4 Bxg2 26. Kxg2 Rd7 27. Ne4 Rc6 28. Rad1 Qd8 29. Qg4 Kh8 30. Qe2 Kg8 1/2-1/2

[Event "Copenhagen CC GM"]
[Site "Ballerup"]
[Date "2022.05.27"]
[Round "4"]
[White "Komarov, Dimitri"]
[Black "Olsen, Filip Boe"]
[Result "1/2-1/2"]
[WhiteElo "2493"]
[BlackElo "2407"]
[PlyCount "60"]
[EventDate "2022.05.25"]
[EventType "tourn"]
[EventRounds "9"]
[EventCountry "DEN"]
[EventCategory "7"]
[SourceTitle "CBM 208 Extra"]
[Source "ChessBase"]
[SourceDate "2022.07.31"]
[SourceVersion "1"]
[SourceVersionDate "2022.07.31"]
[SourceQuality "1"]

1. d4 Nf6 2. c4 e6 3. Nf3 d5 4. Nc3 c6 5. Bg5 h6 6. Bxf6 Qxf6 7. g3 Nd7 8. Bg2 g6 9. 0-0 dxc4 10. Ne4 Qe7 11. Ned2 Bg7 12. Nxc4 0-0 13. e4 Nb6 14. Nxb6 axb6 15. Qb3 b5 16. e5 Rd8 17. a3 Ra4 18. Rfd1 b6 19. Rd2 Bb7 20. Rad1 Rda8 21. Ne1 b4 22. Nc2 bxa3 23. Nxa3 b5 24. Qe3 Bf8 25. Nc2 Rb8 26. Qe2 Qc7 27. b3 Ra2 28. b4 Rb2 29. Qe3 Ra8 30. Be4 Raa2 1/2-1/2